000 00296nam a2200121Ia 4500
008 190802s9999 xx 000 0 und d
020 _a978-93-325-5023-0
100 _aAlvan V.Oppenheim
245 0 _aSignals and Systems
260 _aAustralia
_bPearson
_c2018
300 _a944:p
942 _cBK
999 _c2256
_d2256